Sports Quiz

Random Sports Quiz
Score 0/30 Timer 05:00
0 Plays Today
Year % Correct
2015FA Cup
100%
1930FA Cup
95.8%
2014FA Cup
92.9%
2017FA Cup
92.9%
1931League
90.1%
1933League
90.1%
1934League
90.1%
1935League
90.1%
1936FA Cup
90.1%
1938League
90.1%
1948League
90.1%
1950FA Cup
88.7%
1953League
88.7%
2005FA Cup
88.7%
1989League
87.3%
Year % Correct
1998League
87.3%
2002FA Cup
87.3%
2003FA Cup
87.3%
2004League
87.3%
1991League
85.9%
1998FA Cup
85.9%
2002League
85.9%
1971League
84.5%
1971FA Cup
84.5%
1979FA Cup
84.5%
1993FA Cup
84.5%
1993League Cup
78.9%
1987League Cup
77.5%
1994Cup Winners Cup
71.8%
1970Fairs Cup
60.6%
Remove Ads.
Support Sporcle.
Get the best of Sporcle when you Go Orange. This ad-free experience offers more features, more stats, and more fun while also helping to support Sporcle. Thank you for becoming a member.

You're not logged in!

Compare scores with friends on all Sporcle quizzes.
OR
Log In

Show Comments

Extras

Created Jan 20, 2013ReportNominate
Tags:Arsenal, Trophy, Win

Top Quizzes Today


Score Distribution

Your Account Isn't Verified!

In order to create a playlist on Sporcle, you need to verify the email address you used during registration. Go to your Sporcle Settings to finish the process.

Report this User

Report this user for behavior that violates our Community Guidelines.

Details: